000 00659nam a2200265 i 4500
001 bgj
100 1 _aAUSTEN, Jane
_d(1775-1817).
245 1 0 _aEmma /
_cJane Austen.
250 _aPenguin/Godfrey cave ed.
260 _aLondon [etc.] :
_bPenguin Books,
_c1994.
300 _a367 pp ;
_c18 cm.
650 9 _aYoung women
650 9 _aFemale friendship
650 9 _aFathers and daughters
650 9 _aHumorous fiction
650 9 _aLove stories
651 9 _aEngland
655 _aFiction
020 _a0140620109
040 _cBPK
041 0 _aeng
920 _a0-14-062010-9
942 _cKS
008 s uk f |000 0 eng
999 _c47765
_d47765
856 _uhttp://koha.tu.koszalin.pl/cgi-bin/koha/opac-detail.pl?biblionumber=47765
_yKatalog online BPK